000 00689nam a2200205 i 4500
001 31833
003 ES-MaACL
005 20250526063006.0
007 t|
008 030130s1960 sp ||||1| cat d
100 1 _aBeckett, Samuel,
_d1906-1989
_9240713
245 1 0 _aTot esperant Godot /
_cSamuel Beckett ; traducció de Joan Oliver ; proleg de Joaquim Molas.
260 _aPalma de Mallorca :
_bMoll,
_c[1960]
300 _a157 p. ;
_c15 cm.
500 _aPremi Mundial de Teatre de la critica anglesa 1955.
700 1 _aOliver, Joan,
_d1899-1986
_986815
700 1 _aMolas, Joaquim,
_d1930-2015
_981845
852 _aES-MaACL
_jC-17371
_bR.45644
999 _c31833
_d31833